Statistics for Island Countries - Which body of Water are they in

Click here to take the quiz!

General Stats

  • This quiz has been taken 44 times
  • The average score is 34 of 37

Answer Stats

HintAnswer% Correct
Saint Vincent and the GrenadinesCaribbean Sea
97%
BarbadosCaribbean Sea
97%
MadagascarIndian Ocean
97%
Marshall IslandsPacific Ocean
97%
SamoaPacific Ocean
97%
JapanPacific Ocean
97%
Antigua and BarbudaCaribbean Sea
95%
Trinidad and TobagoCaribbean Sea
95%
CubaCaribbean Sea
95%
Dominican RepublicCaribbean Sea
95%
GrenadaCaribbean Sea
95%
Saint LuciaCaribbean Sea
95%
JamaicaCaribbean Sea
95%
CyprusMediterranean Sea
95%
IcelandArctic Ocean
92%
MauritiusIndian Ocean
92%
MaldivesIndian Ocean
92%
MaltaMediterranean Sea
92%
Solomon IslandsPacific Ocean
92%
KiribatiPacific Ocean
92%
Federated States of MicronesiaPacific Ocean
92%
VanuatuPacific Ocean
92%
New ZealandPacific Ocean
92%
PalauPacific Ocean
92%
TuvaluPacific Ocean
92%
PhilippinesPacific Ocean
92%
TongaPacific Ocean
92%
FijiPacific Ocean
92%
HaitiCaribbean Sea
90%
DominicaCaribbean Sea
90%
Saint Kitts and NevisCaribbean Sea
90%
Sri LankaIndian Ocean
90%
Papua New GuineaPacific Ocean
90%
NauruPacific Ocean
90%
SeychellesIndian Ocean
87%
TaiwanPacific Ocean
87%
ComorosIndian Ocean
85%

Score Distribution

Percentile by Number Answered

Percent of People with Each Score

Your Score History

You have not taken this quiz